Welcome to WEB OPAC of MRSPTU Central Library

Rotor dynamics (Record no. 2728)

MARC details
000 -LEADER
fixed length control field 00340nam a2200145Ia 4500
008 - FIXED-LENGTH DATA ELEMENTS--GENERAL INFORMATION
fixed length control field 230711s9999||||xx |||||||||||||| ||und||
041 ## - LANGUAGE CODE
Language code of text/sound track or separate title ENG
082 ## - DEWEY DECIMAL CLASSIFICATION NUMBER
Classification number 620
Item number RA-R
100 ## - MAIN ENTRY--PERSONAL NAME
Personal name Rao,J.S
245 #0 - TITLE STATEMENT
Title Rotor dynamics
250 ## - EDITION STATEMENT
Edition statement 1st
260 ## - PUBLICATION, DISTRIBUTION, ETC.
Date of publication, distribution, etc. 1994
Place of publication, distribution, etc. New Delhi
Name of publisher, distributor, etc. Wiley Eastern Limited
650 ## - SUBJECT ADDED ENTRY--TOPICAL TERM
Topical term or geographic name entry element Mechanical Engineering
942 ## - ADDED ENTRY ELEMENTS (KOHA)
Koha item type Book
Holdings
Withdrawn status Lost status Damaged status Not for loan Collection Home library Current library Date acquired Total checkouts Full call number Barcode Date last seen Price effective from Koha item type
          MRSPTU Central Library MRSPTU Central Library     620 RA-R 10660 08/17/2023 08/17/2023 Book
          MRSPTU Central Library MRSPTU Central Library     620 RA-R 10661 08/17/2023 08/17/2023 Book
          MRSPTU Central Library MRSPTU Central Library     620 RA-R 10662 08/17/2023 08/17/2023 Book
          MRSPTU Central Library MRSPTU Central Library     620 RA-R 10663 08/17/2023 08/17/2023 Book
          MRSPTU Central Library MRSPTU Central Library     620 RA-R 10664 08/17/2023 08/17/2023 Book

Website Designed and Developed by MRSPTU Central Library Team

E-mail Id: librarian@mrsptu.ac.in